Biggest Premier League Flops of the 21st Century - Statistics

General Stats
  • This quiz has been taken 588 times
  • The average score is 4 of 9
Answer Stats
Hint Answer % Correct
£50m to Chelsea from Liverpool Fernando Torres
97%
£35m to Liverpool from Newcastle Andy Carroll
81%
Ukraine legend, had a dig at politics Andriy Shevchenko
66%
ex-Chelsea player, tested positive for cocaine Adrian Mutu
40%
£20.3m to Liverpool from Tottenham Robbie Keane
39%
Cumulative £77 flop for Utd and Chelsea Juan Sebastian Veron
32%
Blackburn to Tottenham, now a free agent David Bentley
22%
£8 to Arsenal from Everton Francis Jeffers
19%
Man City flop, released for being too fat Michael Johnson
11%
No matching quizzes found
Score Distribution
Percent of People with Each Score
Percentile by Number Answered
Your Score History
You have not taken this quiz